000 00568nam a2200193Ia 4500
003 IIN
005 20250530123607.0
008 231217s2023 xx acd 000 0 eng d
020 _cRs.1195.00 (set price)
_a9788184483291
040 _aIIN
_bEnglish
082 _a616.890231
_bNEE
100 1 _aNeeraja, K. P
245 1 _aEssentials of Mental Health & Psychiatric Nursing (Vol.-2) /
_cK. P. Neeraja
260 _bJaypee
_aNew Delhi
_c2023
300 _axviii, 363-639p.
_bill.
650 1 _aMental Health
_vNursing
650 1 _a Psychiatric
_v Nursing
942 _cBOOK
999 _c1344
_d1344